<?xml version="1.0" encoding="UTF-8"?>
<record
    xmlns:xsi="http://www.w3.org/2001/XMLSchema-instance"
    xsi:schemaLocation="http://www.loc.gov/MARC21/slim http://www.loc.gov/standards/marcxml/schema/MARC21slim.xsd"
    xmlns="http://www.loc.gov/MARC21/slim">

  <leader>01245nam a2200289 a 4500</leader>
  <controlfield tag="001">38093</controlfield>
  <controlfield tag="003">BD-RjUL</controlfield>
  <controlfield tag="005">20211209052725.0</controlfield>
  <controlfield tag="008">150908s1976    bg af    b    000 1 benr </controlfield>
  <datafield tag="035" ind1=" " ind2=" ">
    <subfield code="a">(BD-RjUL)38198</subfield>
  </datafield>
  <datafield tag="040" ind1=" " ind2=" ">
    <subfield code="a">DLC</subfield>
    <subfield code="c">DLC</subfield>
    <subfield code="d">DLC</subfield>
    <subfield code="d">(BD-RjUL</subfield>
    <subfield code="b">eng</subfield>
  </datafield>
  <datafield tag="041" ind1=" " ind2=" ">
    <subfield code="a">eng</subfield>
  </datafield>
  <datafield tag="082" ind1=" " ind2=" ">
    <subfield code="a">398.092</subfield>
    <subfield code="b">LAL 1976</subfield>
  </datafield>
  <datafield tag="245" ind1=" " ind2=" ">
    <subfield code="a">&#x9B2;&#x9BE;&#x9B2;&#x9A8; &#x9B8;&#x9BE;&#x9B9;&#x9BF;&#x9A4;&#x9CD;&#x9AF; &#x993; &#x9A6;&#x9B0;&#x9CD;&#x9B6;&#x9A8; /</subfield>
    <subfield code="c">&#x996;&#x9CB;&#x9A8;&#x9CD;&#x9A6;&#x995;&#x9BE;&#x9B0; &#x9B0;&#x9BF;&#x9AF;&#x9BC;&#x9BE;&#x99C;&#x9C1;&#x9B2; &#x9B9;&#x995;</subfield>
  </datafield>
  <datafield tag="260" ind1=" " ind2=" ">
    <subfield code="c">&#x9A2;&#x9BE;&#x995;&#x9BE; :</subfield>
    <subfield code="a">&#x9AE;&#x9C1;&#x995;&#x9CD;&#x9A4;&#x9A7;&#x9BE;&#x9B0;&#x9BE;,</subfield>
    <subfield code="b">&#x9E7;&#x9EF;&#x9ED;&#x9EC;</subfield>
  </datafield>
  <datafield tag="300" ind1=" " ind2=" ">
    <subfield code="a">&#x9E8;, &#x9E8;&#x9EC;&#x9EA; &#x9AA;&#x9C3;., [&#x9E9;] &#x9AA;&#x9C3;&#x9B7;&#x9CD;&#x9A0;&#x9BE; &#x9B8;&#x9AE;&#x9CD;&#x9AC;&#x9B2;&#x9BF;&#x9A4; &#x99B;&#x9AC;&#x9BF; :</subfield>
    <subfield code="b">&#x99A;&#x9BF;&#x9A4;&#x9CD;&#x9B0; ;</subfield>
    <subfield code="c">&#x9E8;&#x9E8; &#x9B8;&#x9C7;&#x9AE;&#x9BF;.</subfield>
  </datafield>
  <datafield tag="500" ind1=" " ind2=" ">
    <subfield code="a">Romanized.</subfield>
  </datafield>
  <datafield tag="500" ind1=" " ind2=" ">
    <subfield code="a">Title on verso of t.p.: Lalan sahitya o darsan (Lalan: his life and philosophy).</subfield>
  </datafield>
  <datafield tag="500" ind1=" " ind2=" ">
    <subfield code="a">Collection of articles on the Bengali mystic poet (Baul) Lalan Fakir, 1774-1890.</subfield>
  </datafield>
  <datafield tag="504" ind1=" " ind2=" ">
    <subfield code="a">&#x997;&#x9CD;&#x9B0;&#x9A8;&#x9CD;&#x9A5;&#x9AA;&#x99E;&#x9CD;&#x99C;&#x9C0; &#x9B8;&#x982;&#x9AF;&#x9C1;&#x995;&#x9CD;&#x9A4; &#x964;</subfield>
  </datafield>
  <datafield tag="600" ind1="0" ind2="0">
    <subfield code="a">&#x9B2;&#x9BE;&#x9B2;&#x9A8; &#x9B6;&#x9BE;&#x9B9;</subfield>
    <subfield code="d">&#x9E7;&#x9ED;&#x9ED;&#x9EA;-&#x9E7;&#x9EE;&#x9EF;&#x9E6;</subfield>
    <subfield code="9">117903</subfield>
  </datafield>
  <datafield tag="600" ind1="0" ind2="0">
    <subfield code="a">L&#x101;lana &#x15A;&#x101;ha,</subfield>
    <subfield code="d">1774-1890.</subfield>
    <subfield code="9">117904</subfield>
  </datafield>
  <datafield tag="700" ind1=" " ind2=" ">
    <subfield code="a">&#x9B9;&#x995;, &#x996;&#x9CB;&#x9A8;&#x9CD;&#x9A6;&#x995;&#x9BE;&#x9B0; &#x9B0;&#x9BF;&#x9AF;&#x9BC;&#x9BE;&#x99C;&#x9C1;&#x9B2; </subfield>
    <subfield code="9">117919</subfield>
  </datafield>
  <datafield tag="942" ind1=" " ind2=" ">
    <subfield code="2">ddc</subfield>
    <subfield code="c">BK</subfield>
    <subfield code="0">3</subfield>
  </datafield>
  <datafield tag="999" ind1=" " ind2=" ">
    <subfield code="c">38093</subfield>
    <subfield code="d">38093</subfield>
  </datafield>
  <datafield tag="952" ind1=" " ind2=" ">
    <subfield code="0">0</subfield>
    <subfield code="1">0</subfield>
    <subfield code="2">ddc</subfield>
    <subfield code="4">0</subfield>
    <subfield code="7">0</subfield>
    <subfield code="8">FIC</subfield>
    <subfield code="a">RUCL</subfield>
    <subfield code="b">RUCL</subfield>
    <subfield code="c">Stack</subfield>
    <subfield code="d">1977-03-08</subfield>
    <subfield code="e">&#x987;&#x989;&#x9B0;&#x9C7;&#x995;&#x9BE; &#x9AC;&#x9C1;&#x995; &#x98F;&#x99C;&#x9C7;&#x9A8;&#x9CD;&#x9B8;&#x9C0;, &#x9A2;&#x9BE;&#x995;&#x9BE;</subfield>
    <subfield code="g">18.00</subfield>
    <subfield code="l">4</subfield>
    <subfield code="o">B 398.092 LAL 1976</subfield>
    <subfield code="r">2017-10-25 00:00:00</subfield>
    <subfield code="s">2017-08-01</subfield>
    <subfield code="t">C-2</subfield>
    <subfield code="w">2015-09-08</subfield>
    <subfield code="y">BK</subfield>
  </datafield>
  <datafield tag="952" ind1=" " ind2=" ">
    <subfield code="0">0</subfield>
    <subfield code="1">0</subfield>
    <subfield code="2">ddc</subfield>
    <subfield code="4">0</subfield>
    <subfield code="7">0</subfield>
    <subfield code="8">FIC</subfield>
    <subfield code="a">RUCL</subfield>
    <subfield code="b">RUCL</subfield>
    <subfield code="c">Stack</subfield>
    <subfield code="d">1977-03-08</subfield>
    <subfield code="e">Rajshahi : Ureka Book Agency</subfield>
    <subfield code="g">18.00</subfield>
    <subfield code="l">3</subfield>
    <subfield code="o">B 398.092 LAL 1976</subfield>
    <subfield code="r">2023-08-14 00:00:00</subfield>
    <subfield code="s">2023-08-10</subfield>
    <subfield code="t">C-3</subfield>
    <subfield code="w">2016-04-20</subfield>
    <subfield code="y">BK</subfield>
  </datafield>
</record>
